MARC details
| 000 -CABECERA |
| campo de control de longitud fija |
01661nam a2200277 i 4500 |
| 003 - IDENTIFICADOR DEL NÚMERO DE CONTROL |
| campo de control |
DO-SdBNP |
| 005 - FECHA Y HORA DE LA ÚLTIMA TRANSACCIÓN |
| campo de control |
20260317092028.0 |
| 007 - CAMPO FIJO DE DESCRIPCIÓN FÍSICA--INFORMACIÓN GENERAL |
| campo de control de longitud fija |
ta |
| 008 - DATOS DE LONGITUD FIJA--INFORMACIÓN GENERAL |
| campo de control de longitud fija |
240208b1905 dr ||||| |||| 00| 0 spa d |
| 040 ## - FUENTE DE LA CATALOGACIÓN |
| Centro catalogador/agencia de origen |
DO-SdBNP |
| Lengua de catalogación |
spa |
| Centro/agencia transcriptor |
BNPHU |
| Normas de descripción |
rda |
| 082 #4 - NÚMERO DE LA CLASIFICACIÓN DECIMAL DEWEY |
| Número de clasificación |
347.729305 |
| Número de documento/Ítem |
L951d |
| Número de edición |
22 |
| 100 1# - ENTRADA PRINCIPAL--NOMBRE DE PERSONA |
| Nombre de persona |
Lugo, Américo |
| Fechas asociadas al nombre |
1870-1952 |
| Término indicativo de función/relación |
autor |
| 9 (RLIN) |
81550 |
| 245 10 - MENCIÓN DE TÍTULO |
| Título |
Litis Suchard-M. Des Combres & Ca. : |
| Mención de responsabilidad, etc. |
defensa leída ante la Suprema Corte de Justicia de la República, en representación de los sres. Montalvo, Des Combes & Ca. / |
| Resto del título |
Americo Lugo |
| 264 ## - PRODUCCIÓN, PUBLICACIÓN, DISTRIBUCIÓN, FABRICACIÓN Y COPYRIGHT |
| Producción, publicación, distribución, fabricación y copyright |
Santo Domingo : |
| Nombre del de productor, editor, distribuidor, fabricante |
La Cuna de América, |
| Fecha de producción, publicación, distribución, fabricación o copyright |
1905. |
| 300 ## - DESCRIPCIÓN FÍSICA |
| Extensión |
121 páginas ; |
| Dimensiones |
23 cm. |
| 336 ## - TIPO DE CONTENIDO |
| Fuente |
rdacontent |
| Término de tipo de contenido |
texto |
| Código de tipo de contenido |
txt |
| 337 ## - TIPO DE MEDIO |
| Fuente |
rdamedia |
| Nombre/término del tipo de medio |
sin mediación |
| Código del tipo de medio |
n |
| 338 ## - TIPO DE SOPORTE |
| Fuente |
rdacarrier |
| Nombre/término del tipo de soporte |
volumen |
| Código del tipo de soporte |
nc |
| 590 ## - NOTA LOCAL (RLIN) |
| Nota local |
Inventariado, 2024/BT |
| 650 #4 - PUNTO DE ACCESO ADICIONAL DE MATERIA--TÉRMINO DE MATERIA |
| Término de materia o nombre geográfico como elemento de entrada |
Procedimiento civil |
| Subdivisión geográfica |
República Dominicana |
| 9 (RLIN) |
16575 |
| 650 #0 - PUNTO DE ACCESO ADICIONAL DE MATERIA--TÉRMINO DE MATERIA |
| Término de materia o nombre geográfico como elemento de entrada |
Defensa (Procedimiento civil) |
| 9 (RLIN) |
36215 |
| 740 02 - PUNTO DE ACCESO ADICIONAL--TÍTULO RELACIONADO O ANALÍTICO NO CONTROLADO |
| Título relacionado o analítico no controlado |
Recurso en casación en materia civil por ante la Suprema Corte de Justicia de la República en sus atribuciones de Corte de Casación , promovido contra la Sentencia de la Corte de Apelación de Santo Domingo (Antigua Suprema Corte) de fecha 21 de marzo de 1906, por los Señores H. Jacot Des Combes y Montandon, Des Combes y Cª. |
| 740 02 - PUNTO DE ACCESO ADICIONAL--TÍTULO RELACIONADO O ANALÍTICO NO CONTROLADO |
| Título relacionado o analítico no controlado |
Defensa del Señor Enrique Jacot Des Combes en la nueva acción judicial sobre el caso de los Señores Montandon Des Combres & CO. contra Carlos Russ-Suchard leida por su abogado constituido Lic. Pelegrin Castillo; sentencia del juez de primera instancia del Distrito Judicial de Samana: breve resumen historico de esta litis |
| 910 ## - DATOS DE OPCIÓN DEL USUARIO (OCLC) |
| Datos de opción del usuario |
Btavárez/Validado. Control de calidad MFF |
| 942 ## - ELEMENTOS DE PUNTO DE ACCESO ADICIONAL (KOHA) |
| Fuente del sistema de clasificación o colocación |
Dewey Decimal Classification |
| Tipo de ítem Koha |
Libro |